ARRUPE JESUIT UNIVERSITY

CORONAVIRUS -STOP THE SPREAD - CLEAN,DISINFECT,COVER
Normal view MARC view

Entry Personal Name

Number of records used in: 2

001 - CONTROL NUMBER

  • control field: 52360

003 - CONTROL NUMBER IDENTIFIER

  • control field: ARRUPE

005 - DATE AND TIME OF LATEST TRANSACTION

  • control field: 20240124130948.0

008 - FIXED-LENGTH DATA ELEMENTS

  • fixed length control field: 240124|| aca||aabn | a|a d

040 ## - CATALOGING SOURCE

  • Original cataloging agency: ARRUPE
  • Transcribing agency: ARRUPE

100 ## - HEADING--PERSONAL NAME

  • Personal name: Veitch, John,
  • Dates associated with a name: 1829-1894

670 ## - SOURCE DATA FOUND

  • Source citation: Work cat.: (ARRUPE)131759: Descartes, RenĂ©, 1596-1650. 4894, A discourse on method ;, 1986

 

Arrupe Library. PO Box MP320 Mt Pleasant, Harare, Zimbabwe
263 242 745411|librarian@aju.ac.zw